[Event "4th Memorial Warakomska-A 2020"]
[Site "Suwalki"]
[Date "2020.08.11"]
[Round "7.14"]
[White "Jakhari, Ansh"]
[Black "Strzelecki, Jerzy"]
[Result "1-0"]
[WhiteElo "1908"]
[BlackElo "1977"]
[Annotator "NA"]
[PlyCount "65"]
[EventDate "2020.08.06"]
[EventType "swiss"]
[EventCountry "POL"]
[SourceTitle "playchess.com"]
[Source "ChessBase"]
[SourceQuality "1"]
[TimeControl "40/5400+30:1800+30"]

1. e4 {[%emt 0:00:00]} c5 {[%emt 0:00:00]} 2. Nf3 {[%emt 0:00:00]} d6 {[%emt 0:00:00]} 3. d4 {[%emt 0:00:00]} cxd4 {[%emt 0:00:07]} 4. Nxd4 {[%emt 0:00:09]} Nf6 {[%emt 0:00:11]} 5. Nc3 {[%emt 0:00:06]} Bd7 {[%emt 0:01:40]} 6. Be2 {[%emt 0:02:40]} e5 {[%emt 0:00:17] B56: Classical Sicilian: Unusual Lines.} 7. Nb3 {[%emt 0:00:16]} Bc6 {[%emt 0:00:40]} 8. f3 {[%emt 0:00:41]} Nbd7 {[%emt 0:00:54]} 9. Be3 {[%emt 0:00:25] [#]} a6 $146 {[%emt 0:00:18]} ({Predecessor:} 9... Be7 10. Qd2 O-O 11. O-O Nb6 12. Rad1 d5 13. exd5 Nfxd5 14. Nxd5 Nxd5 15. Bc4 Nxe3 16. Qxe3 {1-0 (29) Salavecz,G (1800)-Moritz,A (2004) Balatonalmadi 2009}) 10. Qd2 {[%emt 0:00:50]} b5 {[%emt 0:00:50]} 11. O-O-O {[%emt 0:03:47]} Qc7 {[%emt 0:01:05]} 12. Kb1 {[%emt 0:01:44]} Rc8 {[%emt 0:00:43]} 13. g4 {[%emt 0:02:17]} h6 {[%emt 0:00:37]} 14. h4 {[%emt 0:00:31]} (14. Rhe1 $14) 14... Nb6 $2 {[%emt 0:02:36]} (14... b4 $11 15. Nd5 Nxd5 16. exd5 Bxd5) 15. Bxb6 {[%emt 0:01:30]} Qxb6 {[%emt 0:00:23]} 16. Nd5 {[%emt 0:00:12]} Bxd5 {[%emt 0:03:00]} 17. exd5 {[%emt 0:00:05]} Be7 {[%emt 0:03:46]} 18. Bd3 {[%emt 0:09:23]} Rc7 {[%emt 0:11:41]} 19. Be2 {[%emt 0:03:12]} Nd7 {[%emt 0:05:09]} 20. Na5 {[%emt 0:02:14]} Nb8 {[%emt 0:02:08]} 21. g5 {[%emt 0:02:13]} b4 {[%emt 0:01:37]} 22. Nc4 {[%emt 0:00:56]} Qc5 {[%emt 0:01:36]} 23. f4 {[%emt 0:05:02]} e4 {[%emt 0:03:06]} 24. f5 {[%emt 0:05:02]} Nd7 {[%emt 0:01:28]} 25. Qf4 {[%emt 0:09:17]} Nb6 {[%emt 0:06:27]} 26. Ne3 {[%emt 0:18:19]} Na4 {[%emt 0:04:01]} 27. Qxe4 {[%emt 0:05:07]} O-O {[%emt 0:03:38]} 28. f6 $18 {[%emt 0:05:11]} ({Inferior is} 28. Bxa6 Nc3+ 29. bxc3 bxc3 $11) 28... Rb8 {[%emt 0:01:01]} 29. fxe7 {[%emt 0:03:58]} Rxe7 {[%emt 0:01:57]} 30. Qxe7 {[%emt 0:00:22]} Nc3+ {[%emt 0:01:36]} 31. bxc3 {[%emt 0:02:27]} bxc3+ {[%emt 0:00:46]} 32. Ka1 {[%emt 0:00:06]} Qa3 {[%emt 0:00:26]} 33. Nc4 1-0

[Event "4th Memorial Warakomska-A 2020"]
[Site "Suwalki"]
[Date "2020.08.11"]
[Round "7.15"]
[White "Chojnowski, Marcin"]
[Black "Flis, Pawel"]
[Result "1/2-1/2"]
[WhiteElo "2035"]
[BlackElo "1873"]
[Annotator "TA"]
[PlyCount "149"]
[EventDate "2020.08.06"]
[EventType "swiss"]
[EventCountry "POL"]
[SourceTitle "playchess.com"]
[Source "ChessBase"]
[SourceQuality "1"]

{[%evp 11,149,24,54,36,49,47,57,2,6,0,27,18,2,-11,-11,-10,13,12,10,9,3,5,26,0,0,-11,-23,-12,7,0,0,-24,-9,-31,-24,-62,-8,-33,-27,-95,-100,-135,-112,-130,-150,-128,-135,-139,-133,-150,-143,-172,-164,-196,-188,-202,-195,-184,-193,-193,-184,-187,-172,-358,-371,-402,-344,-334,-304,-306,-280,-280,-280,-280,-280,-280,-280,-259,-247,-242,-238,-223,-217,-306,-136,-139,-103,-103,-103,-264,-86,-87,-15,-16,-16,-16,-16,-40,-16,-44,-16,-16,0,-62,0,-16,-16,-16,-16,-16,-16,-57,0,-66,-72,-80,0,0,0,0,0,0,0,0,0,0,0,0,0,0,0,0,0,0,0,0,0,0,0,0]} 1. e4 g6 2. d4 d6 3. Nc3 c6 4. h3 Bg7 5. Nf3 Nf6 6. Be3 b5 7. e5 {B08: Pirc Defence: Classical System.} Nfd7 {[%cal Rd6e5]} 8. exd6 exd6 9. Ne4 (9. Bd3 $14) 9... Qe7 $11 {[#]} 10. Nc3 $146 ({Predecessor:} 10. Ng3 Nb6 11. Be2 O-O 12. O-O Nd5 13. Bg5 f6 14. Bd2 Nd7 15. Re1 Qd8 16. c4 bxc4 17. Bxc4 {0-1 (77) Diciunas,V (1813)-Stremavicius,P (2079) Vilnius 2019}) 10... b4 11. Ne2 O-O 12. Qd2 Nb6 13. Nf4 Bf5 (13... Bb7 {is interesting.} 14. Be2 N8d7 15. O-O a5 16. a3 c5) 14. Bd3 {Black should prevent Bxf5.} Bxd3 15. Qxd3 N8d7 {[%cal Bb8d7,Bd7f6,Bf6d5][%mdl 32]} 16. O-O Nf6 17. Rfe1 Qd7 18. Ne2 Nfd5 19. Bd2 Rfe8 20. c4 bxc3 $1 21. bxc3 Nc7 22. Rad1 Qe6 23. Bf4 Bf8 ({Black should play} 23... Qxa2 $15 24. Bxd6 Nb5) 24. Qc2 Qc4 25. Be3 (25. Ng3 $1 $11 {keeps the balance.}) 25... Ncd5 $17 26. Nd2 Qa4 27. Qd3 Nxe3 ({Wrong is} 27... Qxa2 $2 28. Ra1 $18) 28. fxe3 Qxa2 29. c4 Qa6 30. Ra1 Qc8 31. e4 Bh6 32. c5 dxc5 33. dxc5 Rd8 34. Nd4 Nd7 $1 35. N2b3 {intending e5.} Bg7 $36 {[%mdl 2048] Threatens to win with ...Nxc5! Black has strong initiative.} 36. Qc2 Nf8 37. Rad1 $2 (37. Ra4) 37... a5 $19 {[%cal Ba7a5,Ba5a4][%mdl 32]} 38. Nf3 a4 39. Nbd2 Ne6 40. e5 Nd4 41. Nxd4 Rxd4 42. Nc4 Rxd1 43. Rxd1 {And now Nb6 would win.} Qc7 44. Nb6 Rd8 45. Qxa4 Rxd1+ 46. Qxd1 Bxe5 47. Qa4 (47. Nd7 $142) 47... Bf4 (47... Qe7 $19 {is more deadly.} 48. Qc4 Qg5 $1 {[%mdl 512]}) 48. Qe4 $17 Qe5 49. Qxe5 Bxe5 {[%mdl 4096] Endgame KB-KN} 50. Nd7 $2 (50. Kf1 $17 {might work better.}) 50... Bd4+ $2 (50... f6 $19 {has better winning chances. ...Kf7 is the strong threat.} 51. Kf2 Kf7) 51. Kf1 f5 (51... f6 $17 {White must now prevent ...Be5.} 52. Ke2 Kf7) 52. Nb8 Bxc5 53. Nxc6 Kf7 54. Ke2 Ke6 {aiming for ...Kd5.} 55. Kf3 g5 {next ...h5 is good for Black.} 56. g4 Kd5 57. Na5 ({White should try} 57. Nd8 $11) 57... Bb4 (57... f4 $15 58. Nb3 Be3) 58. Nb3 f4 59. Nc1 Bd2 60. Nd3 Be3 61. Nb4+ Kc5 (61... Ke6 $15) 62. Nd3+ (62. Nc2 $11) 62... Kd4 $15 63. Nb4 {[#]} Kc4 (63... Ke5 $1 $17) 64. Nc6 $11 {The position is equal.} Bd4 65. Ne7 Bf6 66. Nf5 Kd5 67. h4 gxh4 {Hoping for ...Ke5.} 68. Kxf4 Be5+ 69. Kf3 h3 70. g5 Ke6 71. Ne3 Kf7 (71... h2 $5 72. Kg2 $8 Bf4 $11) 72. Ng4 Bd6 73. Nf2 Kg6 74. Nxh3 h6 75. gxh6 {Whites escaped into a draw. Accuracy: White = 69%, Black = 77%.} 1/2-1/2

[Event "4th Memorial Warakomska-A 2020"]
[Site "Suwalki"]
[Date "2020.08.11"]
[Round "7.16"]
[White "Staroszczyk, Mateusz"]
[Black "Marczukiewicz, Jerzy"]
[Result "1-0"]
[WhiteElo "1984"]
[BlackElo "1912"]
[Annotator "ChessBase"]
[PlyCount "55"]
[EventDate "2020.08.06"]
[EventType "swiss"]
[EventCountry "POL"]
[SourceTitle "playchess.com"]
[Source "ChessBase"]
[SourceQuality "1"]
[TimeControl "40/5400+30:1800+30"]

1. e4 {[%emt 0:00:00]} c5 {[%emt 0:00:00]} 2. Nc3 {[%emt 0:00:00]} Nc6 {[%emt 0:00:02]} 3. g3 {[%emt 0:00:00]} g6 {[%emt 0:00:30]} 4. Bg2 {[%emt 0:00:00]} Bg7 {[%emt 0:00:19]} 5. d3 {[%emt 0:00:06]} e6 {[%emt 0:01:14]} 6. Be3 {[%emt 0:00:10]} d6 {[%emt 0:00:48]} 7. Qd2 {[%emt 0:00:10]} Nge7 {[%emt 0:00:53]} 8. Bh6 {[%emt 0:00:47]} O-O {[%emt 0:00:27]} 9. h4 {[%emt 0:01:00]} Nd4 {[%emt 0:11:27]} 10. Bxg7 {[%emt 0:02:39]} Kxg7 {[%emt 0:00:17]} 11. h5 {[%emt 0:00:19]} Ng8 {[%emt 0:05:30]} 12. hxg6 {[%emt 0:02:39]} fxg6 {[%emt 0:03:42]} 13. f4 {[%emt 0:01:48]} h5 {[%emt 0:05:58]} 14. O-O-O {[%emt 0:03:34]} Bd7 {[%emt 0:03:18]} 15. Nf3 {[%emt 0:02:58]} Nh6 {[%emt 0:06:51]} 16. Ne2 {[%emt 0:04:37]} Nxe2+ {[%emt 0:09:10]} 17. Qxe2 {[%emt 0:00:05]} Qe7 {[%emt 0:02:42]} 18. Rh4 {[%emt 0:16:36]} Rh8 {[%emt 0:04:52]} 19. Rdh1 {[%emt 0:00:17]} Raf8 {[%emt 0:06:11]} 20. Qd2 {[%emt 0:09:20]} Be8 {[%emt 0:06:07]} 21. Qc3+ {[%emt 0:06:54]} Kg8 {[%emt 0:01:21]} 22. Bh3 {[%emt 0:01:47]} d5 {[%emt 0:15:15]} 23. exd5 {[%emt 0:09:28]} exd5 {[%emt 0:01:23]} 24. Re1 {[%emt 0:00:11]} Qc7 {[%emt 0:01:54]} 25. Be6+ {[%emt 0:01:06]} Bf7 {[%emt 0:01:17]} 26. Ng5 {[%emt 0:00:24]} d4 {[%emt 0:02:17]} 27. Qc4 {[%emt 0:08:26]} Nf5 {[%emt 0:02:18]} 28. Bxf7+ {[%emt 0:06:17]} 1-0

[Event "4th Memorial Warakomska-A 2020"]
[Site "Suwalki"]
[Date "2020.08.12"]
[Round "8.1"]
[White "Mulet, Piotr"]
[Black "Gumularz, Szymon"]
[Result "0-1"]
[WhiteElo "2217"]
[BlackElo "2513"]
[Annotator "ChessBase"]
[PlyCount "140"]
[EventDate "2020.08.06"]
[EventType "swiss"]
[EventCountry "POL"]
[SourceTitle "playchess.com"]
[Source "ChessBase"]
[SourceQuality "1"]
[TimeControl "40/5400+30:1800+30"]

1. c4 {[%emt 0:00:00]} Nf6 {[%emt 0:00:24]} 2. Nc3 {[%emt 0:00:00]} e5 {[%emt 0:00:26]} 3. Nf3 {[%emt 0:00:18]} Nc6 {[%emt 0:00:06]} 4. e4 {[%emt 0:00:11]} d6 {[%emt 0:00:50]} 5. d4 {[%emt 0:00:12]} Bg4 {[%emt 0:00:04]} 6. d5 {[%emt 0:00:22]} Nd4 {[%emt 0:00:06]} 7. Be3 {[%emt 0:00:23]} Nxf3+ {[%emt 0:00:24]} 8. gxf3 {[%emt 0:00:08]} Bd7 {[%emt 0:00:04]} 9. f4 {[%emt 0:00:48]} Ng4 {[%emt 0:00:09]} 10. Bh3 {[%emt 0:00:27]} Nxe3 {[%emt 0:19:43]} 11. Bxd7+ {[%emt 0:00:08]} Qxd7 {[%emt 0:00:16]} 12. fxe3 {[%emt 0:00:20]} exf4 {[%emt 0:00:14]} 13. exf4 {[%emt 0:00:46]} Be7 {[%emt 0:00:04]} 14. O-O {[%emt 0:08:55]} O-O {[%emt 0:00:48]} 15. e5 {[%emt 0:02:51]} Qf5 {[%emt 0:04:18]} 16. Qe2 {[%emt 0:07:56]} Rae8 {[%emt 0:02:31]} 17. Qe4 {[%emt 0:11:05]} Qxe4 {[%emt 0:05:57]} 18. Nxe4 {[%emt 0:00:07]} Bh4 {[%emt 0:21:20]} 19. c5 {[%emt 0:02:39]} dxe5 {[%emt 0:11:41]} 20. f5 {[%emt 0:00:13]} Rd8 {[%emt 0:01:23]} 21. Rad1 {[%emt 0:00:17]} f6 {[%emt 0:03:16]} 22. b4 {[%emt 0:03:43]} Bg5 {[%emt 0:02:42]} 23. Rd3 {[%emt 0:01:35]} Bf4 {[%emt 0:04:34]} 24. d6 {[%emt 0:03:12]} c6 {[%emt 0:04:51]} 25. a4 {[%emt 0:09:38]} g6 {[%emt 0:01:28]} 26. Ng3 {[%emt 0:00:07]} Kf7 {[%emt 0:01:56]} 27. b5 {[%emt 0:00:20]} Bxg3 {[%emt 0:04:14]} 28. hxg3 {[%emt 0:00:59]} gxf5 {[%emt 0:00:14]} 29. Rxf5 {[%emt 0:00:12]} Ke6 {[%emt 0:01:43]} 30. Rh5 {[%emt 0:03:16]} Rd7 {[%emt 0:00:26]} 31. Rh2 {[%emt 0:03:37]} Rc8 {[%emt 0:01:31]} 32. Rc2 {[%emt 0:00:32]} cxb5 {[%emt 0:01:25]} 33. axb5 {[%emt 0:00:05]} b6 {[%emt 0:00:42]} 34. c6 {[%emt 0:04:10]} Rxd6 {[%emt 0:00:05]} 35. Ra3 {[%emt 0:00:09]} Rd1+ {[%emt 0:04:08]} 36. Kf2 {[%emt 0:00:02]} Rb1 {[%emt 0:01:29]} 37. Rxa7 {[%emt 0:00:11]} Rxb5 {[%emt 0:00:54]} 38. Rxh7 {[%emt 0:00:05]} Rc5 {[%emt 0:00:18]} 39. Rxc5 {[%emt 0:00:08]} bxc5 {[%emt 0:00:02]} 40. c7 {[%emt 0:00:00]} Kd6 {[%emt 0:00:00]} 41. Rf7 {[%emt 0:01:14]} Rxc7 {[%emt 0:05:57]} 42. Rxf6+ {[%emt 0:00:47]} Kd5 {[%emt 0:00:33]} 43. Ke3 {[%emt 0:03:52]} c4 {[%emt 0:00:52]} 44. Kd2 {[%emt 0:00:46]} Rg7 {[%emt 0:01:29]} 45. Rf3 {[%emt 0:01:07]} Kd4 {[%emt 0:00:43]} 46. Ra3 {[%emt 0:00:58]} Rg8 {[%emt 0:02:01]} 47. Ke2 {[%emt 0:00:59]} e4 {[%emt 0:00:47]} 48. Kd2 {[%emt 0:00:50]} Rh8 {[%emt 0:01:07]} 49. Ra7 {[%emt 0:00:40]} c3+ {[%emt 0:01:02]} 50. Kd1 {[%emt 0:01:04]} Rh1+ {[%emt 0:00:39]} 51. Kc2 {[%emt 0:00:36]} Rh2+ {[%emt 0:00:34]} 52. Kd1 {[%emt 0:00:48]} Rd2+ {[%emt 0:02:22]} 53. Kc1 {[%emt 0:01:13]} e3 {[%emt 0:00:56]} 54. Rd7+ {[%emt 0:02:23]} Ke4 {[%emt 0:00:36]} 55. Re7+ {[%emt 0:00:33]} Kf3 {[%emt 0:00:37]} 56. Rc7 {[%emt 0:00:34]} Rh2 {[%emt 0:10:46]} 57. Rxc3 {[%emt 0:01:28]} Rh1+ {[%emt 0:04:10]} 58. Kc2 {[%emt 0:00:41]} Kf2 {[%emt 0:01:02]} 59. Kd3 {[%emt 0:02:21]} e2 {[%emt 0:02:01]} 60. Rc2 {[%emt 0:00:46]} Rd1+ {[%emt 0:01:01]} 61. Ke4 {[%emt 0:00:40]} Kf1 {[%emt 0:00:52]} 62. Rxe2 {[%emt 0:00:38]} Kxe2 {[%emt 0:00:31]} 63. g4 {[%emt 0:00:36]} Rg1 {[%emt 0:00:40]} 64. Kf4 {[%emt 0:01:36]} Kf2 {[%emt 0:00:53]} 65. g5 {[%emt 0:00:42]} Rg2 {[%emt 0:00:41]} 66. Kf5 {[%emt 0:00:49]} Kg3 {[%emt 0:00:37]} 67. Kf6 {[%emt 0:01:54]} Kh4 {[%emt 0:00:37]} 68. g6 {[%emt 0:00:35]} Kh5 {[%emt 0:00:35]} 69. g7 {[%emt 0:00:34]} Kh6 {[%emt 0:00:32]} 70. Kf7 {[%emt 0:00:35]} Rxg7+ {[%emt 0:00:34]} 0-1

[Event "4th Memorial Warakomska-A 2020"]
[Site "Suwalki"]
[Date "2020.08.12"]
[Round "8.2"]
[White "Janik, Igor"]
[Black "Praczukowski, Stanislaw"]
[Result "1-0"]
[WhiteElo "2467"]
[BlackElo "2132"]
[Annotator "ChessBase"]
[PlyCount "49"]
[EventDate "2020.08.06"]
[EventType "swiss"]
[EventCountry "POL"]
[SourceTitle "playchess.com"]
[Source "ChessBase"]
[SourceQuality "1"]
[TimeControl "40/5400+30:1800+30"]

1. e4 {[%emt 0:00:00]} c5 {[%emt 0:00:00]} 2. Nf3 {[%emt 0:00:00]} Nc6 {[%emt 0:00:09]} 3. Bb5 {[%emt 0:00:00]} g6 {[%emt 0:00:14]} 4. Bxc6 {[%emt 0:00:14]} bxc6 {[%emt 0:00:28]} 5. O-O {[%emt 0:01:28]} Bg7 {[%emt 0:00:24]} 6. Re1 {[%emt 0:00:28]} Nh6 {[%emt 0:00:27]} 7. d3 {[%emt 0:01:12]} O-O {[%emt 0:02:57]} 8. h3 {[%emt 0:00:05]} d6 {[%emt 0:01:00]} 9. e5 {[%emt 0:03:44]} Nf5 {[%emt 0:07:41]} 10. Bf4 {[%emt 0:00:32]} Rb8 {[%emt 0:05:17]} 11. b3 {[%emt 0:01:44]} f6 {[%emt 0:11:49]} 12. exd6 {[%emt 0:00:30]} e5 {[%emt 0:00:16]} 13. Bc1 {[%emt 0:03:36]} Qxd6 {[%emt 0:02:36]} 14. Nbd2 {[%emt 0:01:22]} Nd4 {[%emt 0:03:56]} 15. Ba3 {[%emt 0:05:36]} Nxf3+ {[%emt 0:14:15]} 16. Qxf3 {[%emt 0:01:07]} f5 {[%emt 0:00:46]} 17. Nc4 {[%emt 0:02:37]} Qc7 {[%emt 0:03:35]} 18. Bxc5 {[%emt 0:03:58]} e4 {[%emt 0:02:00]} 19. dxe4 {[%emt 0:00:39]} fxe4 {[%emt 0:00:37]} 20. Qe3 {[%emt 0:00:45]} Bxa1 {[%emt 0:03:02]} 21. Bxf8 {[%emt 0:00:14]} Kxf8 {[%emt 0:00:29]} 22. Rxa1 {[%emt 0:00:09]} Bf5 {[%emt 0:00:18]} 23. Rd1 {[%emt 0:00:11]} Re8 {[%emt 0:01:07]} 24. Qc5+ {[%emt 0:02:35]} Kg8 {[%emt 0:00:44]} 25. Rd6 {[%emt 0:00:20]} 1-0

[Event "4th Memorial Warakomska-A 2020"]
[Site "Suwalki"]
[Date "2020.08.12"]
[Round "8.3"]
[White "Kucza, Karol"]
[Black "Grabarczyk, Miroslaw"]
[Result "1/2-1/2"]
[WhiteElo "2245"]
[BlackElo "2366"]
[Annotator "ChessBase"]
[PlyCount "79"]
[EventDate "2020.08.06"]
[EventType "swiss"]
[EventCountry "POL"]
[SourceTitle "playchess.com"]
[Source "ChessBase"]
[SourceQuality "1"]
[TimeControl "40/5400+30:1800+30"]

1. e4 {[%emt 0:00:00]} e5 {[%emt 0:00:00]} 2. Nf3 {[%emt 0:00:00]} Nc6 {[%emt 0:00:00]} 3. Bb5 {[%emt 0:00:00]} Nf6 {[%emt 0:00:00]} 4. O-O {[%emt 0:00:00]} Nxe4 {[%emt 0:00:00]} 5. Re1 {[%emt 0:00:00]} Nd6 {[%emt 0:00:04]} 6. Nxe5 {[%emt 0:00:00]} Nxe5 {[%emt 0:00:11]} 7. Rxe5+ {[%emt 0:00:03]} Be7 {[%emt 0:00:06]} 8. Bd3 {[%emt 0:00:04]} O-O {[%emt 0:01:33]} 9. Nc3 {[%emt 0:00:04]} Bf6 {[%emt 0:04:17]} 10. Re3 {[%emt 0:00:32]} Re8 {[%emt 0:01:08]} 11. Nd5 {[%emt 0:03:11]} Bd4 {[%emt 0:06:31]} 12. Rxe8+ {[%emt 0:04:44]} Nxe8 {[%emt 0:00:09]} 13. Qe2 {[%emt 0:01:55]} Nf6 {[%emt 0:11:21]} 14. Ne7+ {[%emt 0:00:26]} Kf8 {[%emt 0:00:16]} 15. Nf5 {[%emt 0:04:52]} Bc5 {[%emt 0:06:53]} 16. b4 {[%emt 0:08:19]} Be7 {[%emt 0:02:25]} 17. Bb2 {[%emt 0:01:31]} d5 {[%emt 0:00:27]} 18. Nxe7 {[%emt 0:11:23]} Qxe7 {[%emt 0:00:07]} 19. Qxe7+ {[%emt 0:00:07]} Kxe7 {[%emt 0:00:07]} 20. Re1+ {[%emt 0:00:04]} Be6 {[%emt 0:09:11]} 21. f4 {[%emt 0:00:12]} g6 {[%emt 0:04:45]} 22. f5 {[%emt 0:00:43]} gxf5 {[%emt 0:00:37]} 23. Bxf5 {[%emt 0:00:06]} h5 {[%emt 0:02:21]} 24. Kf2 {[%emt 0:08:32]} Rg8 {[%emt 0:04:24]} 25. h3 {[%emt 0:06:54]} Rg5 {[%emt 0:03:07]} 26. Bd3 {[%emt 0:00:25]} b6 {[%emt 0:06:17]} 27. Bd4 {[%emt 0:08:36]} Ne4+ {[%emt 0:05:43]} 28. Bxe4 {[%emt 0:01:05]} dxe4 {[%emt 0:00:05]} 29. Rxe4 {[%emt 0:00:26]} Kd7 {[%emt 0:00:05]} 30. a3 {[%emt 0:09:42]} Rxg2+ {[%emt 0:06:06]} 31. Kxg2 {[%emt 0:01:14]} Bd5 {[%emt 0:00:04]} 32. d3 {[%emt 0:00:46]} f5 {[%emt 0:00:05]} 33. Kf3 {[%emt 0:00:09]} fxe4+ {[%emt 0:00:22]} 34. dxe4 {[%emt 0:00:05]} Be6 {[%emt 0:00:32]} 35. h4 {[%emt 0:00:46]} Bg4+ {[%emt 0:01:41]} 36. Kf4 {[%emt 0:00:06]} Kd6 {[%emt 0:00:57]} 37. Be5+ {[%emt 0:01:49]} Kd7 {[%emt 0:00:09]} 38. b5 {[%emt 0:01:29]} Bd1 {[%emt 0:01:43]} 39. c3 {[%emt 0:01:22]} Be2 {[%emt 0:02:44]} 40. Kg5 {[%emt 0:00:00]} 1/2-1/2

[Event "4th Memorial Warakomska-A 2020"]
[Site "Suwalki"]
[Date "2020.08.12"]
[Round "8.4"]
[White "Deruelle Sala, Albert"]
[Black "Goluch, Piotr"]
[Result "1-0"]
[WhiteElo "2078"]
[BlackElo "2376"]
[Annotator "ChessBase"]
[PlyCount "87"]
[EventDate "2020.08.06"]
[EventType "swiss"]
[EventCountry "POL"]
[SourceTitle "playchess.com"]
[Source "ChessBase"]
[SourceQuality "1"]
[TimeControl "40/5400+30:1800+30"]

1. d4 {[%emt 0:00:00]} Nf6 {[%emt 0:00:00]} 2. c4 {[%emt 0:00:00]} c5 {[%emt 0:00:15]} 3. d5 {[%emt 0:00:00]} b5 {[%emt 0:00:04]} 4. cxb5 {[%emt 0:02:51]} a6 {[%emt 0:00:11]} 5. bxa6 {[%emt 0:00:04]} Bxa6 {[%emt 0:00:14]} 6. Nc3 {[%emt 0:01:04]} g6 {[%emt 0:00:09]} 7. Nf3 {[%emt 0:09:04]} d6 {[%emt 0:00:12]} 8. g3 {[%emt 0:00:14]} Nbd7 {[%emt 0:00:04]} 9. Rb1 {[%emt 0:00:07]} Bg7 {[%emt 0:06:39]} 10. Bg2 {[%emt 0:00:21]} O-O {[%emt 0:00:39]} 11. O-O {[%emt 0:01:06]} Nb6 {[%emt 0:04:58]} 12. b3 {[%emt 0:00:27]} Ne8 {[%emt 0:25:08]} 13. Bb2 {[%emt 0:03:16]} Nc7 {[%emt 0:00:04]} 14. Re1 {[%emt 0:00:12]} f5 {[%emt 0:15:48]} 15. Na4 {[%emt 0:10:27]} Nxa4 {[%emt 0:07:59]} 16. Bxg7 {[%emt 0:00:59]} Kxg7 {[%emt 0:00:52]} 17. bxa4 {[%emt 0:00:09]} Ra7 {[%emt 0:10:36]} 18. Qd2 {[%emt 0:03:27]} Bc8 {[%emt 0:05:17]} 19. e4 {[%emt 0:11:32]} Rxa4 {[%emt 0:05:43]} 20. e5 {[%emt 0:01:41]} h6 {[%emt 0:02:34]} 21. Rb8 {[%emt 0:10:54]} Ra8 {[%emt 0:02:35]} 22. Rxa8 {[%emt 0:09:26]} Nxa8 {[%emt 0:00:01]} 23. Qc3 {[%emt 0:00:31]} Kh7 {[%emt 0:00:10]} 24. Nd2 {[%emt 0:00:34]} Nb6 {[%emt 0:04:27]} 25. Qa1 {[%emt 0:02:10]} Bd7 {[%emt 0:01:03]} 26. f4 {[%emt 0:02:10]} Kg8 {[%emt 0:04:30]} 27. h4 {[%emt 0:00:54]} c4 {[%emt 0:00:57]} 28. h5 {[%emt 0:01:54]} gxh5 {[%emt 0:00:21]} 29. Qd1 {[%emt 0:02:38]} c3 {[%emt 0:01:19]} 30. Nb3 {[%emt 0:00:15]} Nc4 {[%emt 0:01:05]} 31. Qxh5 {[%emt 0:01:10]} Kg7 {[%emt 0:00:08]} 32. Kh2 {[%emt 0:00:38]} c2 {[%emt 0:01:04]} 33. Bf1 {[%emt 0:05:37]} Qb6 {[%emt 0:00:44]} 34. Qe2 {[%emt 0:06:32]} Na3 {[%emt 0:00:29]} 35. Qd2 {[%emt 0:03:59]} Kg6 {[%emt 0:00:35]} 36. Bd3 {[%emt 0:01:21]} Rc8 {[%emt 0:00:25]} 37. g4 {[%emt 0:00:22]} Nc4 {[%emt 0:00:35]} 38. gxf5+ {[%emt 0:04:32]} Kh7 {[%emt 0:00:03]} 39. f6+ {[%emt 0:00:55]} Kh8 {[%emt 0:00:01]} 40. Bxc4 {[%emt 0:00:00]} Rxc4 {[%emt 0:00:00]} 41. f7 {[%emt 0:02:55]} Rc8 {[%emt 0:02:42]} 42. e6 {[%emt 0:00:56]} Ba4 {[%emt 0:01:45]} 43. Rg1 {[%emt 0:08:48]} Bxb3 {[%emt 0:00:38]} 44. Qc3+ {[%emt 0:01:01]} 1-0

[Event "4th Memorial Warakomska-A 2020"]
[Site "Suwalki"]
[Date "2020.08.12"]
[Round "8.5"]
[White "Lewicki, Miroslaw"]
[Black "Bugajski, Robert"]
[Result "1-0"]
[WhiteElo "2340"]
[BlackElo "2081"]
[Annotator "ChessBase"]
[PlyCount "111"]
[EventDate "2020.08.06"]
[EventType "swiss"]
[EventCountry "POL"]
[SourceTitle "playchess.com"]
[Source "ChessBase"]
[SourceQuality "1"]
[TimeControl "40/5400+30:1800+30"]

1. e4 {[%emt 0:00:46]} c5 {[%emt 0:00:00]} 2. Nf3 {[%emt 0:00:06]} d6 {[%emt 0:00:00]} 3. d4 {[%emt 0:00:06]} cxd4 {[%emt 0:00:00]} 4. Nxd4 {[%emt 0:00:03]} Nf6 {[%emt 0:00:05]} 5. Nc3 {[%emt 0:00:04]} a6 {[%emt 0:00:07]} 6. Be2 {[%emt 0:00:05]} e5 {[%emt 0:00:08]} 7. Nb3 {[%emt 0:00:06]} Be7 {[%emt 0:00:05]} 8. O-O {[%emt 0:00:06]} O-O {[%emt 0:00:12]} 9. Be3 {[%emt 0:00:15]} Be6 {[%emt 0:00:13]} 10. Nd5 {[%emt 0:02:11]} Nbd7 {[%emt 0:02:30]} 11. Nxe7+ {[%emt 0:01:31]} Qxe7 {[%emt 0:00:12]} 12. Bf3 {[%emt 0:01:05]} Rfc8 {[%emt 0:07:53]} 13. Qd2 {[%emt 0:01:49]} h6 {[%emt 0:04:09]} 14. Rfd1 {[%emt 0:01:19]} b6 {[%emt 0:19:16]} 15. c3 {[%emt 0:02:30]} Rc6 {[%emt 0:01:27]} 16. h3 {[%emt 0:00:07]} a5 {[%emt 0:01:41]} 17. Nc1 {[%emt 0:02:44]} Rac8 {[%emt 0:02:25]} 18. Ne2 {[%emt 0:00:11]} b5 {[%emt 0:04:58]} 19. Ng3 {[%emt 0:00:29]} Nb6 {[%emt 0:01:27]} 20. b3 {[%emt 0:05:05]} Qb7 {[%emt 0:08:04]} 21. Rac1 {[%emt 0:10:42]} a4 {[%emt 0:00:56]} 22. Qb2 {[%emt 0:00:14]} axb3 {[%emt 0:01:37]} 23. axb3 {[%emt 0:00:04]} Nbd7 {[%emt 0:01:32]} 24. Nf5 {[%emt 0:02:20]} Bxf5 {[%emt 0:01:51]} 25. exf5 {[%emt 0:00:05]} e4 {[%emt 0:00:27]} 26. Be2 {[%emt 0:00:04]} d5 {[%emt 0:02:35]} 27. Bd4 {[%emt 0:03:23]} b4 {[%emt 0:02:32]} 28. c4 {[%emt 0:00:13]} dxc4 {[%emt 0:04:21]} 29. Bxc4 {[%emt 0:00:06]} Nb6 {[%emt 0:01:30]} 30. Be2 {[%emt 0:01:25]} Nbd5 {[%emt 0:02:47]} 31. Rxc6 {[%emt 0:00:13]} Qxc6 {[%emt 0:02:25]} 32. Bc4 {[%emt 0:00:49]} Nb6 {[%emt 0:05:26]} 33. Ba6 {[%emt 0:00:18]} Rd8 {[%emt 0:03:16]} 34. Rc1 {[%emt 0:00:20]} Qd6 {[%emt 0:01:50]} 35. Bc5 {[%emt 0:01:26]} Qb8 {[%emt 0:02:33]} 36. Be7 {[%emt 0:01:03]} Rd7 {[%emt 0:04:24]} 37. Bxf6 {[%emt 0:00:12]} gxf6 {[%emt 0:00:05]} 38. Qxf6 {[%emt 0:00:09]} Qf4 {[%emt 0:01:06]} 39. Rf1 {[%emt 0:03:41]} Rd6 {[%emt 0:02:33]} 40. Qe7 {[%emt 0:00:00]} Nd5 {[%emt 0:00:00]} 41. Qa7 {[%emt 0:00:46]} Kg7 {[%emt 0:09:59]} 42. Bc4 {[%emt 0:00:06]} e3 {[%emt 0:09:10]} 43. f6+ {[%emt 0:06:06]} Rxf6 {[%emt 0:07:40]} 44. Bxd5 {[%emt 0:00:08]} e2 {[%emt 0:00:56]} 45. Re1 {[%emt 0:00:05]} Qd2 {[%emt 0:00:38]} 46. Qa1 {[%emt 0:00:04]} Qxd5 {[%emt 0:01:39]} 47. Rxe2 {[%emt 0:00:04]} Kg6 {[%emt 0:03:11]} 48. Re3 {[%emt 0:00:49]} Rf5 {[%emt 0:01:08]} 49. Qb1 {[%emt 0:01:05]} Kf6 {[%emt 0:02:44]} 50. Qb2+ {[%emt 0:00:10]} Kg6 {[%emt 0:00:30]} 51. h4 {[%emt 0:05:27]} f6 {[%emt 0:02:45]} 52. Qc2 {[%emt 0:00:19]} Qc5 {[%emt 0:00:45]} 53. Qe4 {[%emt 0:00:35]} Qd5 {[%emt 0:02:08]} 54. Qe8+ {[%emt 0:00:08]} Qf7 {[%emt 0:01:06]} 55. Rg3+ {[%emt 0:00:06]} Rg5 {[%emt 0:00:07]} 56. Qxf7+ {[%emt 0:00:06]} 1-0